NLSUI OPAC header image

Training Programmes (Record no. 34387)

MARC details
000 -LEADER
fixed length control field 00388nam a2200157Ia 4500
008 - FIXED-LENGTH DATA ELEMENTS--GENERAL INFORMATION
fixed length control field 160316s1979 xxu||||| |||| 00| 0 eng d
082 ## - DEWEY DECIMAL CLASSIFICATION NUMBER
Classification number 305.000000
Item number SIN
100 ## - MAIN ENTRY--PERSONAL NAME
Personal name Singh Dr. Hira
245 ## - TITLE STATEMENT
Title Training Programmes
250 ## - EDITION STATEMENT
Edition statement
260 ## - PUBLICATION, DISTRIBUTION, ETC.
Place of publication, distribution, etc. New Delhi
Name of publisher, distributor, etc. National Law School of Defence
Date of publication, distribution, etc. 1979
300 ## - PHYSICAL DESCRIPTION
Extent 39
Other physical details
Dimensions
365 ## - TRADE PRICE
Price amount
650 ## - SUBJECT ADDED ENTRY--TOPICAL TERM
Topical term or geographic name entry element 1. Training Programmes
700 ## - ADDED ENTRY--PERSONAL NAME
Personal name
--
Holdings
Withdrawn status Lost status Damaged status Not for loan Home library Current library Shelving location Date acquired Total Checkouts Full call number Barcode Date last seen Price effective from Koha item type
        . .   30.05.2017   305 SIN REP11099 30.05.2017 30.05.2017 Repository